000 00343nam a22001337a 4500
020 _a978-0-521-73213-0
082 _a030
_bCAM/A
100 _aCAMBRIDGE
245 _aCAMBRIDGE ADVANCED LEARNER'S DICTIONARY
250 _aTHIRD EDITION
260 _aCAMBRIDGE
_bCAMBRIDGE UNIVERSITY PRESS
_c2008
650 _aDICTIONARY
_zCAMBRIDGE
942 _cBK
999 _c2045
_d2045